[Event "IECG QF.2004.0.00053"]
[Site "IECG email"]
[Date "2004.04.22"]
[Round "?"]
[White "Petersen, Hans"]
[Black "Puzer, Luciano"]
[Result "1-0"]
[WhiteElo "1000"]
[BlackElo "1000"]
[PlyCount "55"]
[EventDate "2004.04.22"]
[EventType "tourn (corr)"]
[EventRounds "6"]
[SourceTitle "Corr 2008"]
[Source "ChessBase"]
[SourceDate "2008.06.24"]
[SourceVersion "1"]
[SourceVersionDate "2008.06.24"]
[SourceQuality "1"]

1. d4 d5 2. e3 c5 3. dxc5 Nc6 4. c4 d4 5. a3 e5 6. b4 Nf6 7. Nf3 Bg4 8. h3 Bh5 9. g4 Nxg4 10. hxg4 Bxg4 11. Bh3 Bxh3 12. Rxh3 b6 13. Qa4 Rc8 14. Nxe5 b5 15. Qxb5 a6 16. Nxc6 Qd7 17. Ne5 axb5 18. Nxd7 Kxd7 19. cxb5 Bxc5 20. bxc5 Rxc5 21. Bb2 d3 22. Nc3 Rd8 23. Rxh7 Rg5 24. a4 Kc7 25. Nd1 Rc5 26. Rxg7 d2+ 27. Ke2 Rd7 28. Bd4 1-0